Espectáculo de la naturaleza o conversaciones acerca de las particularidades de la historia natural, que han parecido más a propósito para excitar una curiosidad útil y formarles la razón a los jóvenes lectores (Record no. 8450)

MARC details
000 -CABECERA
campo de control de longitud fija 01107nam a2200241 a 4500
001 - NÚMERO DE CONTROL
campo de control BRCA_8799
005 - FECHA Y HORA DE LA ÚLTIMA TRANSACCIÓN
campo de control 20190320210422.0
008 - DATOS DE LONGITUD FIJA--INFORMACIÓN GENERAL
campo de control de longitud fija 190417c--------sp-a######---#000-0#----#
041 ## - CÓDIGO DE LENGUA
Código de lengua del texto/banda sonora o título independiente spa
044 ## - CÓDIGO DEL PAÍS DE LA ENTIDAD EDITORA/PRODUCTORA
Código MARC del país sp
084 ## - OTRO NÚMERO DE CLASIFICACIÓN
Número de clasificación BE180
Número de documento/Ítem .P58 1785
100 1# - ENTRADA PRINCIPAL--NOMBRE DE PERSONA
Nombre de persona Pluche, Noël Antoine
Fechas asociadas al nombre 1688-1761
9 (RLIN) 21346
245 10 - MENCIÓN DE TÍTULO
Título Espectáculo de la naturaleza o conversaciones acerca de las particularidades de la historia natural, que han parecido más a propósito para excitar una curiosidad útil y formarles la razón a los jóvenes lectores
Mención de responsabilidad, etc. escrito en el idioma francés por el abad M. Pluche; y traducido al castellano; tercera edición, tomo II, parte II.
250 ## - MENCIÓN DE EDICIÓN
Mención de edición 3a ed.
260 ## - PUBLICACIÓN, DISTRIBUCIÓN, ETC.
Lugar de publicación, distribución, etc. Madrid
Nombre del editor, distribuidor, etc. En la Imprenta de Andrés de Sotos
Fecha de publicación, distribución, etc. 1785
300 ## - DESCRIPCIÓN FÍSICA
Extensión [11], 244 p. (t.3)
Otras características físicas il., 22 h. plegables
Dimensiones 20.4 x 14.5 cm.
500 ## - NOTA GENERAL
Nota general Con las licencias necesarias
500 ## - NOTA GENERAL
Nota general Estado físico: presenta encuadernación en pergamino, con presencias del pez de plata
650 14 - PUNTO DE ACCESO ADICIONAL DE MATERIA--TÉRMINO DE MATERIA
Término de materia o nombre geográfico como elemento de entrada Ciencias naturales
Subdivisión cronológica Obras anteriores a 1800
9 (RLIN) 21347
700 1# - PUNTO DE ACCESO ADICIONAL--NOMBRE DE PERSONA
Nombre de persona Sotos, Andrés de
Término indicativo de función/relación Impresor
9 (RLIN) 21938
902 ## - CATALOGADOR
Iniciales CFM
942 ## - ELEMENTOS DE PUNTO DE ACCESO ADICIONAL (KOHA)
Fuente del sistema de clasificación o colocación Library of Congress Classification
Tipo de ítem Koha Libros
Holdings
Estado de retiro Estado de pérdida Estado dañado No para préstamo Localización permanente Ubicación/localización actual Fecha de adquisición Total de préstamos Signatura topográfica completa Código de barras Fecha visto por última vez Precio válido a partir de Tipo de ítem Koha
El ejemplar forma parte de la colección y puede ser consultado según las políticas vigentes.       Biblioteca del Museo Franz Mayer (Rogerio Casas-Alatriste) Biblioteca del Museo Franz Mayer (Rogerio Casas-Alatriste) 19/04/2017   BE180 .P58 1785 CFM00126 22/03/2019 22/03/2019 Libros